[Event "Montevideo Trebejos op 03"]
[Site "Montevideo"]
[Date "2022.03.21"]
[Round "5"]
[White "Tafernaberry, Matias"]
[Black "Olivera, Omar"]
[Result "0-1"]
[WhiteElo "1893"]
[BlackElo "1331"]
[PlyCount "98"]
[EventDate "2022.03.07"]
[EventType "swiss"]
[EventRounds "6"]
[EventCountry "URU"]
[SourceTitle "EXT 2023"]
[Source "ChessBase"]
[SourceDate "2022.10.05"]
[SourceVersion "1"]
[SourceVersionDate "2022.10.05"]
[SourceQuality "1"]

1. d4 Nf6 2. c4 b6 3. Nf3 Bb7 4. Nbd2 e6 5. g3 Be7 6. Bg2 0-0 7. 0-0 Qc8 8. b3 Ne4 9. Bb2 Nxd2 10. Qxd2 d6 11. Rac1 Nd7 12. b4 Nf6 13. a3 Qd7 14. Rfe1 Ne4 15. Qc2 f5 16. Nd2 Rac8 17. Nxe4 fxe4 18. Bxe4 Bxe4 19. Qxe4 Bg5 20. Rcd1 Rf5 21. Rf1 d5 22. cxd5 exd5 23. Qg4 Bh6 24. e4 dxe4 25. Qxe4 Re8 26. Qd3 Qd5 27. Rde1 Rxe1 28. Rxe1 Qf7 29. Qe2 b5 30. Qe8+ Qxe8 31. Rxe8+ Kf7 32. Rc8 Rf3 33. Rxc7+ Ke6 34. Kg2 Rb3 35. Rc2 Bg5 36. Re2+ Kd7 37. h4 Bf6 38. Rd2 a6 39. Kf1 Kd6 40. Ke2 g5 41. hxg5 Bxg5 42. f4 Bh6 43. Kf2 Bg7 44. Kg2 Kd5 45. Kh3 h5 46. Re2 Bf6 47. Kg2 Kd6 48. f5 Kd5 49. Kf2 Rxb2 0-1

[Event "URU-ch sf"]
[Site "Montevideo"]
[Date "2019.03.04"]
[Round "6"]
[White "Salguero, Rafael"]
[Black "Tafernaberry, Matias"]
[Result "0-1"]
[WhiteElo "1896"]
[BlackElo "1983"]
[PlyCount "128"]
[EventDate "2019.03.01"]
[EventType "swiss"]
[EventRounds "8"]
[EventCountry "URU"]
[SourceTitle "CBM 189 Extra"]
[Source "ChessBase"]
[SourceDate "2019.06.03"]
[SourceVersion "1"]
[SourceVersionDate "2019.06.03"]
[SourceQuality "1"]

1. d4 Nf6 2. c4 e6 3. Nf3 b6 4. g3 Bb7 5. Bg2 d5 6. Nc3 Bb4 7. 0-0 Bxc3 8. bxc3 0-0 9. Nh4 Nbd7 10. Qc2 c5 11. Re1 Rc8 12. Ba3 Re8 13. Qa4 Bc6 14. Qb3 cxd4 15. cxd5 Bxd5 16. Bxd5 Rxc3 17. Qa4 Nxd5 18. Bb2 Rc7 19. Qxd4 Qf6 20. Qd2 Qe7 21. Red1 Qb4 22. Nf3 Qxd2 23. Rxd2 Rec8 24. e4 N5f6 25. Rad1 h6 26. h4 Rc2 27. Kg2 Nxe4 28. Rxc2 Rxc2 29. Bd4 Rxa2 30. h5 Ndf6 31. Ne5 Nxh5 32. Be3 Nhxg3 33. Rd8+ Kh7 34. Nxf7 Nf5 35. Kf3 Nxe3 36. Kxe4 Ng4 37. f3 Ra4+ 38. Kd3 Nf6 39. Ne5 a6 40. Rd6 Nd5 41. Kc2 b5 42. Rxe6 Ne3+ 43. Kd3 Ra3+ 44. Ke4 Nc4 45. f4 Re3+ 46. Kf5 Nxe5 47. fxe5 a5 48. Ra6 a4 49. Ke6 Kg6 50. Kd7+ Kf5 51. e6 Kf6 52. e7+ Kf7 53. Rb6 Rxe7+ 54. Kd8 Re5 55. Ra6 h5 56. Rd6 a3 57. Rd2 b4 58. Kd7 b3 59. Kd6 Rf5 60. Rd3 a2 61. Rxb3 a1Q 62. Rb7+ Kg6 63. Rb3 Qa6+ 64. Kc7 Qc4+ 0-1

[Event "URU-ch sf"]
[Site "Montevideo"]
[Date "2019.03.02"]
[Round "3"]
[White "Tafernaberry, Matias"]
[Black "Durante, Aurelio"]
[Result "1/2-1/2"]
[WhiteElo "1983"]
[BlackElo "1969"]
[PlyCount "169"]
[EventDate "2019.03.01"]
[EventType "swiss"]
[EventRounds "8"]
[EventCountry "URU"]
[SourceTitle "CBM 189 Extra"]
[Source "ChessBase"]
[SourceDate "2019.06.03"]
[SourceVersion "1"]
[SourceVersionDate "2019.06.03"]
[SourceQuality "1"]

1. d4 d5 2. Nf3 c6 3. Nbd2 Bf5 4. g3 Nf6 5. c4 e6 6. Bg2 Nbd7 7. b3 h6 8. Bb2 Bd6 9. 0-0 Qc7 10. cxd5 exd5 11. Re1 0-0 12. Nf1 Ne4 13. N3d2 Ndf6 14. Nxe4 Nxe4 15. f3 Nf6 16. e4 dxe4 17. fxe4 Bg4 18. Qd2 Nh7 19. e5 Be7 20. Ne3 Be6 21. Rac1 Qb6 22. Nc4 Bxc4 23. Rxc4 Rad8 24. Qf2 Ng5 25. Bc1 Ne6 26. Be3 Bg5 27. Bxg5 Nxg5 28. Rd1 Rfe8 29. h4 Ne6 30. d5 Qxf2+ 31. Kxf2 cxd5 32. Rxd5 b6 33. Rd6 Nc5 34. Bc6 Rxd6 35. exd6 Rd8 36. Rd4 Kf8 37. b4 Ne6 38. Rd3 Rc8 39. Ba4 a6 40. d7 Rb8 41. Bc6 Ke7 42. a4 g6 43. Rd2 Kd8 44. Rd3 Kc7 45. b5 Rd8 46. Rf3 Rf8 47. Re3 a5 48. Kg2 Rd8 49. Rf3 Rf8 50. Re3 Kd8 51. Kf2 Ke7 52. Ke1 Kd6 53. Kd2 Kc7 54. Kc3 g5 55. hxg5 hxg5 56. Kc4 Rh8 57. Kd5 Rh2 58. Rf3 Nd8 59. Rd3 Re2 60. Rd4 Re3 61. g4 Ne6 62. Re4 Rf3 63. Kc4 Rf4 64. Kd5 Rxe4 65. Kxe4 Nc5+ 66. Kf5 Nxa4 67. Bd5 Kxd7 68. Bxf7 Nc3 69. Kxg5 Ke7 70. Kg6 Ne4 71. Bd5 Nf6 72. Bf3 a4 73. g5 Ne8 74. Kh7 a3 75. Bd5 Nf6+ 76. gxf6+ Kxf6 77. Kg8 Ke5 78. Ba2 Kd4 79. Kf7 Kc5 80. Ke6 Kxb5 81. Kd5 Kb4 82. Kd4 b5 83. Bg8 Ka4 84. Ba2 b4 85. Bb3+ 1/2-1/2